01672nam0a22003131 4500001001500000005001700015035002600032100004100058101000800099102000700107105001800114135001800132200009900150210006800249215004500317225007200362311009700434316008900531320005700620325006800677488032200745532007501067700010601142801001801248801002201266801002701288852002201315852002101337v19\rc\181323320260407065916.0 a(NLR Aleph) 004912586 a20071224e19061906|||y0rusy50 ca0 arus aRU aah z ||||| acrcn 024anaba1 aЭфиопские рукописи в С.-ПетербургеfОписал Б. Тураев aСанкт-Петербургcтип. Акад. наукd1906 a[2], 136 с., 4 л. ил., факс.d271 aПамятники эфиопской письменностиv3 aОтт. из "Зап. Вост. отд-ния Имп. Рус. археол. о-ва". т. 17 aЭкз. РНБ (38.6.2.43(3)): владел. автогр. И.К.5NLR: 38.6.2.43(3) aБиблиогр. в подстроч. примеч. aКопия доступна в Электрон. б-ке РНБ 012001#$aЗаписки Восточного отделения Императорского Русского археологического общества$vТ. 17tЗаписки Восточного отделения Императорского Русского археологического общества10aЭфиопские рукописи в Санкт-Петербурге 18rus7caaТураевbБ. А.f1868-1920gБорис Александрович3RU\NLR\AUTH\7716809 0aRUbNLRgpsbo 0aRUbRuMoRGB2psbo 1aRUbProSoft-M2rusmarc aNLRj38.6.2.43(3) aNLRjКрI-699/3